[Event "Women's World Team Chess Championship"]
[Site "Khanty-Mansiysk, RUS."]
[Date "2017.06.17"]
[Round "1.9"]
[White "Socko Monika (POL)"]
[Black "Mamedjarova Zeinab (AZE)"]
[Result "1-0"]
[BlackElo "2289"]
[WhiteElo "2485"]
[LiveChessVersion "1.4.8"]

1. e4 {[%clk 1:30:57]} e5 {[%clk 1:30:53]} 2. Nf3 {[%clk 1:31:23]} Nf6
{[%clk 1:31:19]} 3. Nxe5 {[%clk 1:31:47]} d6 {[%clk 1:31:42]} 4. Nf3
{[%clk 1:32:13]} Nxe4 {[%clk 1:32:08]} 5. d4 {[%clk 1:32:38]} d5 {[%clk 1:32:35]}
6. Bd3 {[%clk 1:32:59]} Bd6 {[%clk 1:33:01]} 7. O-O {[%clk 1:33:03]} O-O
{[%clk 1:33:25]} 8. c4 {[%clk 1:33:16]} c6 {[%clk 1:33:52]} 9. Re1
{[%clk 1:33:35]} Bf5 {[%clk 1:34:13]} 10. Qc2 {[%clk 1:32:03]} Na6
{[%clk 1:34:23]} 11. a3 {[%clk 1:32:05]} Bg6 {[%clk 1:34:48]} 12. c5
{[%clk 1:29:24]} Bc7 {[%clk 1:35:17]} 13. Nc3 {[%clk 1:25:03]} f5
{[%clk 1:35:11]} 14. b4 {[%clk 1:15:57]} Nb8 {[%clk 1:35:34]} 15. Ne5
{[%clk 1:08:24]} Nd7 {[%clk 1:33:13]} 16. Bf4 {[%clk 1:02:15]} Nxe5
{[%clk 1:08:31]} 17. Bxe5 {[%clk 1:01:44]} Bxe5 {[%clk 1:05:45]} 18. dxe5
{[%clk 1:02:10]} Qe7 {[%clk 0:53:47]} 19. f4 {[%clk 0:55:04]} Kh8
{[%clk 0:52:15]} 20. Ne2 {[%clk 0:53:35]} a5 {[%clk 0:41:11]} 21. Nd4
{[%clk 0:52:09]} Bh5 {[%clk 0:33:05]} 22. Qb2 {[%clk 0:43:39]} Be8
{[%clk 0:16:28]} 23. Rac1 {[%clk 0:35:04]} axb4 {[%clk 0:14:39]} 24. axb4
{[%clk 0:35:26]} h6 {[%clk 0:12:14]} 25. Re3 {[%clk 0:33:20]} Bd7
{[%clk 0:09:14]} 26. Rf1 {[%clk 0:31:33]} Rab8 {[%clk 0:05:11]} 27. Bxe4
{[%clk 0:23:38]} dxe4 {[%clk 0:04:33]} 28. Rg3 {[%clk 0:23:29]} b6
{[%clk 0:04:28]} 29. Qc3 {[%clk 0:21:22]} bxc5 {[%clk 0:04:43]} 30. bxc5
{[%clk 0:21:50]} Kh7 {[%clk 0:02:33]} 31. h3 {[%clk 0:18:40]} Be8
{[%clk 0:01:53]} 32. Kh2 {[%clk 0:18:50]} Rd8 {[%clk 0:02:09]} 33. Ra1
{[%clk 0:15:44]} Rd5 {[%clk 0:01:43]} 34. Qb4 {[%clk 0:15:04]} g5
{[%clk 0:01:47]} 35. Rf1 {[%clk 0:09:02]} gxf4 {[%clk 0:01:57]} 36. Rxf4
{[%clk 0:09:29]} Qxe5 {[%clk 0:02:04]} 37. Ne2 {[%clk 0:09:14]} Rd3
{[%clk 0:00:36]} 38. Rxd3 {[%clk 0:07:49]} exd3 {[%clk 0:01:04]} 39. Ng3
{[%clk 0:08:18]} Bg6 {[%clk 0:00:49]} 40. Qd2 Re8 {[%clk 0:30:36]} 41. Rf3
{[%clk 0:24:11]} Re7 {[%clk 0:17:39]} 42. h4 {[%clk 0:21:38]} Rg7
{[%clk 0:05:18]} 43. h5 {[%clk 0:14:02]} Bxh5 {[%clk 0:05:21]} 44. Re3
{[%clk 0:14:24]} Qf4 {[%clk 0:02:35]} 45. Kg1 {[%clk 0:14:31]} Bg6
{[%clk 0:00:56]} 46. Rxd3 {[%clk 0:14:19]} Qg4 {[%clk 0:00:37]} 47. Rf3
{[%clk 0:11:47]} Qc4 {[%clk 0:00:39]} 48. Qd6 {[%clk 0:10:12]} Qb5
{[%clk 0:00:36]} 49. Kh2 {[%clk 0:09:14]} Rf7 {[%clk 0:00:38]} 50. Qe5
{[%clk 0:06:36]} f4 {[%clk 0:00:34]} 51. Ne4 {[%clk 0:04:49]} Bxe4 52. Qxe4+
{[%clk 0:05:17]} Kg7 {[%clk 0:01:23]} 53. Qe5+ {[%clk 0:05:30]} Kh7
{[%clk 0:00:52]} 54. Qe6 {[%clk 0:04:12]} Kg7 {[%clk 0:00:35]} 55. Rh3
{[%clk 0:03:44]} Rf6 {[%clk 0:00:56]} 56. Qe7+ {[%clk 0:03:34]} Rf7
{[%clk 0:00:39]} 57. Qe5+ {[%clk 0:03:36]} Rf6 {[%clk 0:00:34]} 58. Rh4
{[%clk 0:02:35]} Qa4 {[%clk 0:00:32]} 59. Qe7+ {[%clk 0:01:43]} Kg6
{[%clk 0:00:54]} 60. Qe8+ {[%clk 0:01:52]} Kf5 {[%clk 0:00:35]} 61. Rh5+
{[%clk 0:01:42]} Kg4 {[%clk 0:01:04]} 62. Re5 {[%clk 0:01:51]} Rf5
{[%clk 0:00:37]} 63. Qe6 {[%clk 0:02:09]} Qc2 {[%clk 0:00:34]} 64. Qg6+
{[%clk 0:02:35]} 1-0

[Event "Women's World Team Chess Championship"]
[Site "Khanty-Mansiysk, RUS."]
[Date "2017.06.17"]
[Round "1.11"]
[White "Kulon Klaudia (POL)"]
[Black "Mammadova Gulnar (AZE)"]
[Result "1-0"]
[BlackElo "2362"]
[WhiteElo "2381"]
[LiveChessVersion "1.4.8"]

1. c4 {[%clk 1:30:57]} e5 {[%clk 1:30:51]} 2. g3 {[%clk 1:31:22]} Nc6
{[%clk 1:31:03]} 3. Bg2 {[%clk 1:31:42]} g6 {[%clk 1:31:26]} 4. Nc3
{[%clk 1:31:57]} Bg7 {[%clk 1:31:47]} 5. e3 {[%clk 1:31:54]} f5 {[%clk 1:32:06]}
6. Nge2 {[%clk 1:31:31]} Nf6 {[%clk 1:32:08]} 7. O-O {[%clk 1:31:01]} O-O
{[%clk 1:32:16]} 8. d3 {[%clk 1:30:58]} d6 {[%clk 1:32:29]} 9. Rb1
{[%clk 1:29:35]} a5 {[%clk 1:32:53]} 10. a3 {[%clk 1:30:02]} Be6 {[%clk 1:33:03]}
11. Nd5 {[%clk 1:29:38]} Qd7 {[%clk 1:32:58]} 12. b4 {[%clk 1:25:41]} axb4
{[%clk 1:33:25]} 13. axb4 {[%clk 1:26:08]} Qf7 {[%clk 1:33:14]} 14. b5
{[%clk 1:19:26]} Na5 {[%clk 1:26:36]} 15. Nec3 {[%clk 1:17:35]} e4
{[%clk 1:18:30]} 16. dxe4 {[%clk 1:13:48]} Nxc4 {[%clk 1:15:16]} 17. Nf4
{[%clk 1:12:33]} Bd7 {[%clk 0:57:53]} 18. exf5 {[%clk 1:06:00]} Bxf5
{[%clk 0:56:33]} 19. Rb4 {[%clk 1:05:57]} Rab8 {[%clk 0:53:20]} 20. h3
{[%clk 0:57:51]} Nb6 {[%clk 0:49:54]} 21. Bb2 {[%clk 0:55:37]} g5
{[%clk 0:42:23]} 22. Nfe2 {[%clk 0:51:18]} g4 {[%clk 0:38:00]} 23. h4
{[%clk 0:46:27]} Nc4 {[%clk 0:36:00]} 24. Ba1 {[%clk 0:41:51]} Ne5
{[%clk 0:30:58]} 25. Rf4 {[%clk 0:41:31]} Qd7 {[%clk 0:29:01]} 26. Nd5
{[%clk 0:35:58]} Nh5 {[%clk 0:23:56]} 27. Rb4 {[%clk 0:31:50]} c5
{[%clk 0:22:33]} 28. bxc6 {[%clk 0:23:38]} bxc6 {[%clk 0:22:55]} 29. Nb6
{[%clk 0:22:48]} Qc7 {[%clk 0:19:40]} 30. Nd4 {[%clk 0:19:16]} Bd7
{[%clk 0:12:31]} 31. Nxd7 {[%clk 0:18:06]} Rxb4 {[%clk 0:12:26]} 32. Nxf8
{[%clk 0:18:29]} Bxf8 {[%clk 0:12:37]} 33. Nxc6 {[%clk 0:18:35]} Rb5
{[%clk 0:08:36]} 34. Nxe5 {[%clk 0:17:55]} dxe5 {[%clk 0:08:55]} 35. Qxg4+
{[%clk 0:18:18]} Ng7 {[%clk 0:09:18]} 36. h5 {[%clk 0:18:12]} h6 {[%clk 0:07:36]}
37. Be4 {[%clk 0:18:06]} Qf7 {[%clk 0:07:05]} 38. Bg6 {[%clk 0:13:48]} Qc7
{[%clk 0:06:18]} 39. Bd3 {[%clk 0:13:53]} Rc5 {[%clk 0:05:22]} 40. Qg6
{[%clk 0:43:40]} Qd6 {[%clk 0:33:38]} 41. Qh7+ {[%clk 0:43:19]} Kf7
{[%clk 0:34:06]} 42. Bg6+ {[%clk 0:43:16]} Ke7 {[%clk 0:33:53]} 43. Qxh6
{[%clk 0:41:28]} Qf6 {[%clk 0:31:27]} 44. Rd1 {[%clk 0:39:04]} Ne6
{[%clk 0:27:13]} 45. Qh7+ {[%clk 0:38:58]} Qg7 {[%clk 0:27:15]} 46. Bb2
{[%clk 0:37:33]} Ra5 {[%clk 0:26:05]} 47. Kg2 {[%clk 0:36:54]} Qxh7
{[%clk 0:24:27]} 48. Bxh7 {[%clk 0:37:19]} Bg7 {[%clk 0:24:36]} 49. Bc3
{[%clk 0:37:12]} Rb5 {[%clk 0:24:48]} 50. Bf5 {[%clk 0:36:54]} Nf8
{[%clk 0:22:25]} 51. g4 {[%clk 0:36:56]} Bh6 {[%clk 0:22:19]} 52. Bd3
{[%clk 0:36:46]} Rd5 {[%clk 0:21:49]} 53. e4 {[%clk 0:36:32]} Rd8
{[%clk 0:20:54]} 54. Bxe5 {[%clk 0:36:32]} Ne6 {[%clk 0:20:15]} 55. Be2
{[%clk 0:36:46]} Rg8 {[%clk 0:19:16]} 56. Kg3 {[%clk 0:35:56]} Ra8
{[%clk 0:17:44]} 57. f4 {[%clk 0:34:37]} Ra4 {[%clk 0:17:12]} 58. Bf3
{[%clk 0:34:28]} 1-0

[Event "Women's World Team Chess Championship"]
[Site "Khanty-Mansiysk, RUS."]
[Date "2017.06.17"]
[Round "1.12"]
[White "Fataliyeva Ulviyya (AZE)"]
[Black "Majdan Joanna (POL)"]
[Result "0-1"]
[BlackElo "2366"]
[WhiteElo "2341"]
[LiveChessVersion "1.4.8"]

1. e4 {[%clk 1:30:59]} c5 {[%clk 1:30:54]} 2. Nf3 {[%clk 1:31:27]} Nc6
{[%clk 1:31:18]} 3. d4 {[%clk 1:31:56]} cxd4 {[%clk 1:31:43]} 4. Nxd4
{[%clk 1:32:24]} Nf6 {[%clk 1:32:07]} 5. Nc3 {[%clk 1:32:51]} d6 {[%clk 1:32:26]}
6. Bg5 {[%clk 1:33:19]} e6 {[%clk 1:32:50]} 7. Qd2 {[%clk 1:29:00]} a6
{[%clk 1:29:15]} 8. O-O-O {[%clk 1:27:35]} Bd7 {[%clk 1:26:51]} 9. f4
{[%clk 1:26:33]} h6 {[%clk 1:26:41]} 10. Bxf6 {[%clk 1:26:08]} Qxf6
{[%clk 1:26:36]} 11. Nb3 {[%clk 1:15:04]} Qd8 {[%clk 1:25:36]} 12. Kb1
{[%clk 1:11:48]} Be7 {[%clk 1:22:02]} 13. h4 {[%clk 1:08:41]} b5 {[%clk 1:15:55]}
14. Rh3 {[%clk 1:03:53]} b4 {[%clk 1:12:05]} 15. Ne2 {[%clk 1:03:55]} a5
{[%clk 1:09:47]} 16. Rd3 {[%clk 0:59:49]} Qb6 {[%clk 1:08:25]} 17. Qe1
{[%clk 0:41:12]} a4 {[%clk 1:04:19]} 18. Nd2 {[%clk 0:41:25]} Na5
{[%clk 1:04:06]} 19. Nf3 {[%clk 0:29:41]} Nc4 {[%clk 0:56:21]} 20. Rd4
{[%clk 0:24:42]} Ne3 {[%clk 0:55:41]} 21. R1d3 {[%clk 0:24:13]} Nxf1
{[%clk 0:55:21]} 22. Qxf1 {[%clk 0:14:10]} Qc5 {[%clk 0:48:14]} 23. Qe1
{[%clk 0:10:45]} Rb8 {[%clk 0:44:00]} 24. e5 {[%clk 0:09:29]} d5 {[%clk 0:43:39]}
25. f5 {[%clk 0:09:50]} Bb5 {[%clk 0:40:24]} 26. Rd2 {[%clk 0:09:25]} Bxe2
{[%clk 0:34:53]} 27. Qxe2 {[%clk 0:08:40]} a3 {[%clk 0:34:32]} 28. Ne1
{[%clk 0:04:54]} axb2 {[%clk 0:31:10]} 29. Kxb2 {[%clk 0:04:03]} exf5
{[%clk 0:29:51]} 30. Rxd5 {[%clk 0:03:49]} Qc3+ {[%clk 0:30:14]} 31. Kb1
{[%clk 0:04:13]} O-O {[%clk 0:29:21]} 32. R5d3 {[%clk 0:02:52]} Qc4
{[%clk 0:28:30]} 33. Rd4 {[%clk 0:02:45]} Qe6 {[%clk 0:28:21]} 34. Nf3
{[%clk 0:02:41]} Rfc8 {[%clk 0:26:56]} 35. R2d3 {[%clk 0:01:30]} Rc3
{[%clk 0:25:41]} 36. Rd5 {[%clk 0:00:56]} Ra8 {[%clk 0:25:18]} 37. Nd2
{[%clk 0:01:07]} Rc5 {[%clk 0:19:27]} 38. Rxc5 {[%clk 0:00:34]} Qxa2+
{[%clk 0:19:51]} 39. Kc1 {[%clk 0:01:03]} Qa1+ {[%clk 0:20:03]} 40. Nb1
{[%clk 0:31:32]} Bxc5 {[%clk 0:50:10]} 41. e6 {[%clk 0:18:23]} Qf6
{[%clk 0:46:28]} 42. Rd5 {[%clk 0:16:58]} Be7 {[%clk 0:44:03]} 43. exf7+
{[%clk 0:07:10]} Qxf7 {[%clk 0:44:11]} 44. Qf3 {[%clk 0:02:27]} Bxh4
{[%clk 0:42:09]} 45. Rxf5 {[%clk 0:02:41]} Bg5+ {[%clk 0:41:16]} 46. Kd1
{[%clk 0:03:04]} Rd8+ {[%clk 0:41:24]} 47. Ke1 {[%clk 0:03:04]} Qe6+
{[%clk 0:41:10]} 48. Kf2 {[%clk 0:02:53]} Qb6+ {[%clk 0:39:24]} 49. Kg3
{[%clk 0:02:31]} Qd4 {[%clk 0:39:26]} 50. Qb3+ {[%clk 0:01:23]} Kh8
{[%clk 0:39:40]} 51. Kh2 {[%clk 0:01:02]} Qh4+ {[%clk 0:39:54]} 52. Qh3
{[%clk 0:00:44]} Qxh3+ {[%clk 0:39:43]} 0-1

[Event "Women's World Team Chess Championship"]
[Site "Khanty-Mansiysk, RUS."]
[Date "2017.06.17"]
[Round "1.15"]
[White "Elansary Eman (EGY)"]
[Black "Nguyen Thi Mai Hung (VIE)"]
[Result "0-1"]
[BlackElo "2301"]
[WhiteElo "1887"]
[LiveChessVersion "1.4.8"]

1. d4 {[%clk 1:30:47]} d5 {[%clk 1:30:50]} 2. e3 {[%clk 1:30:27]} Nf6
{[%clk 1:30:57]} 3. Bd3 {[%clk 1:30:49]} c5 {[%clk 1:30:54]} 4. c3
{[%clk 1:30:52]} Nc6 {[%clk 1:31:10]} 5. Nd2 {[%clk 1:30:52]} e5 {[%clk 1:28:51]}
6. dxc5 {[%clk 1:28:15]} Bxc5 {[%clk 1:28:58]} 7. Nb3 {[%clk 1:27:31]} Bd6
{[%clk 1:25:30]} 8. Ne2 {[%clk 1:25:35]} O-O {[%clk 1:24:56]} 9. Ng3
{[%clk 1:21:37]} Bg4 {[%clk 1:10:44]} 10. f3 {[%clk 1:14:23]} Be6
{[%clk 1:00:07]} 11. O-O {[%clk 1:08:08]} e4 {[%clk 0:57:05]} 12. Bc2
{[%clk 1:02:34]} exf3 {[%clk 0:54:34]} 13. gxf3 {[%clk 0:59:26]} Qc7
{[%clk 0:50:04]} 14. Kf2 {[%clk 0:57:58]} Rfe8 {[%clk 0:48:17]} 15. Nd4
{[%clk 0:54:46]} Nxd4 {[%clk 0:44:05]} 16. exd4 {[%clk 0:50:40]} Bh3
{[%clk 0:41:07]} 17. Rg1 {[%clk 0:49:42]} Re6 {[%clk 0:36:22]} 18. Qd3
{[%clk 0:42:18]} Rae8 {[%clk 0:34:28]} 19. Bg5 {[%clk 0:35:09]} Bf4
{[%clk 0:30:30]} 20. Nh5 {[%clk 0:27:19]} Re2+ {[%clk 0:29:18]} 21. Qxe2
{[%clk 0:26:00]} Rxe2+ {[%clk 0:29:41]} 22. Kxe2 {[%clk 0:26:26]} Nxh5
{[%clk 0:30:03]} 23. Rae1 {[%clk 0:23:45]} Bxh2 {[%clk 0:24:43]} 24. Rh1
{[%clk 0:19:24]} f6 {[%clk 0:23:03]} 25. Bh4 {[%clk 0:16:36]} Bg2 0-1

[Event "Women's World Team Chess Championship"]
[Site "Khanty-Mansiysk, RUS."]
[Date "2017.06.17"]
[Round "1.16"]
[White "Luong Phuong Hanh (VIE)"]
[Black "Ehab Tasneem (EGY)"]
[Result "1-0"]
[BlackElo "1750"]
[WhiteElo "2208"]
[LiveChessVersion "1.4.8"]

1. d4 {[%clk 1:30:45]} Nf6 {[%clk 1:30:55]} 2. Nf3 {[%clk 1:31:11]} g6
{[%clk 1:31:20]} 3. g3 {[%clk 1:31:25]} Bg7 {[%clk 1:31:40]} 4. Bg2
{[%clk 1:31:47]} O-O {[%clk 1:31:56]} 5. O-O {[%clk 1:32:12]} d6 {[%clk 1:31:57]}
6. a4 {[%clk 1:32:33]} a5 {[%clk 1:31:03]} 7. Re1 {[%clk 1:32:56]} Nc6
{[%clk 1:29:42]} 8. e4 {[%clk 1:32:57]} e5 {[%clk 1:29:31]} 9. d5
{[%clk 1:31:08]} Ne7 {[%clk 1:29:08]} 10. c4 {[%clk 1:24:58]} Nh5
{[%clk 1:19:25]} 11. Nc3 {[%clk 1:23:18]} f5 {[%clk 1:15:36]} 12. exf5
{[%clk 1:23:33]} Bxf5 {[%clk 1:15:43]} 13. Ng5 {[%clk 1:21:24]} Qc8
{[%clk 1:08:19]} 14. Ne6 {[%clk 1:15:58]} Bxe6 {[%clk 1:07:59]} 15. dxe6
{[%clk 1:16:21]} Qxe6 {[%clk 1:03:32]} 16. Nd5 {[%clk 1:13:42]} Qf7
{[%clk 0:59:47]} 17. Nxe7+ {[%clk 1:11:53]} Qxe7 {[%clk 1:00:12]} 18. Bxb7
{[%clk 1:11:28]} Rab8 {[%clk 0:59:46]} 19. Bg2 {[%clk 1:11:24]} Qf6
{[%clk 0:57:39]} 20. Re2 {[%clk 1:09:13]} Kh8 {[%clk 0:48:09]} 21. Bd2
{[%clk 1:04:13]} Rxb2 {[%clk 0:31:35]} 22. Bg5 {[%clk 1:00:57]} Qxg5
{[%clk 0:31:33]} 23. Rxb2 {[%clk 1:01:20]} e4 {[%clk 0:31:22]} 24. Rb5
{[%clk 1:01:32]} Qe7 {[%clk 0:31:28]} 25. Rab1 {[%clk 1:00:00]} e3
{[%clk 0:31:16]} 26. f4 {[%clk 0:45:53]} Bc3 {[%clk 0:10:48]} 27. Bf3
{[%clk 0:41:31]} Ng7 {[%clk 0:08:42]} 28. Qd3 {[%clk 0:30:02]} Bb4
{[%clk 0:06:16]} 29. Kg2 {[%clk 0:28:52]} Re8 {[%clk 0:05:08]} 30. Bc6
{[%clk 0:25:34]} Rf8 {[%clk 0:05:23]} 31. R5xb4 {[%clk 0:20:18]} axb4
{[%clk 0:05:45]} 32. a5 {[%clk 0:19:19]} Rf5 {[%clk 0:04:27]} 33. Rxb4
{[%clk 0:16:54]} e2 {[%clk 0:02:39]} 34. Rb8+ {[%clk 0:17:09]} Ne8
{[%clk 0:02:56]} 35. Qc3+ {[%clk 0:16:57]} 1-0

[Event "Women's World Team Chess Championship"]
[Site "Khanty-Mansiysk, RUS."]
[Date "2017.06.18"]
[Round "2.1"]
[White "Ushenina Anna (UKR)"]
[Black "Ju Wenjun (CHN)"]
[Result "1/2-1/2"]
[BlackElo "2583"]
[WhiteElo "2458"]
[LiveChessVersion "1.4.8"]

1. d4 {[%clk 1:30:53]} Nf6 {[%clk 1:30:56]} 2. c4 {[%clk 1:31:07]} e6
{[%clk 1:31:22]} 3. g3 {[%clk 1:31:25]} d5 {[%clk 1:30:08]} 4. Nf3
{[%clk 1:30:07]} Bb4+ {[%clk 1:29:47]} 5. Bd2 {[%clk 1:30:09]} Be7
{[%clk 1:30:10]} 6. Bg2 {[%clk 1:30:25]} O-O {[%clk 1:30:18]} 7. O-O
{[%clk 1:30:49]} c6 {[%clk 1:30:09]} 8. Qc2 {[%clk 1:30:50]} Nbd7
{[%clk 1:20:01]} 9. Rd1 {[%clk 1:30:06]} b6 {[%clk 1:19:54]} 10. b3
{[%clk 1:29:39]} a5 {[%clk 1:17:33]} 11. Bc3 {[%clk 1:28:40]} Bb7
{[%clk 1:16:34]} 12. Nbd2 {[%clk 1:10:48]} Qc7 {[%clk 1:13:38]} 13. Rac1
{[%clk 1:07:24]} c5 {[%clk 1:07:53]} 14. dxc5 {[%clk 0:57:32]} bxc5
{[%clk 1:02:18]} 15. cxd5 {[%clk 0:57:19]} exd5 {[%clk 1:01:54]} 16. Bb2
{[%clk 0:57:04]} Rfd8 {[%clk 0:52:15]} 17. e3 {[%clk 0:44:35]} Qb6
{[%clk 0:34:48]} 18. Ne1 {[%clk 0:35:34]} Rac8 {[%clk 0:31:18]} 19. Qf5
{[%clk 0:28:47]} a4 {[%clk 0:20:32]} 20. Rb1 {[%clk 0:24:51]} axb3
{[%clk 0:20:35]} 21. axb3 {[%clk 0:25:19]} Nf8 {[%clk 0:18:59]} 22. Nd3
{[%clk 0:22:01]} d4 {[%clk 0:13:18]} 23. e4 {[%clk 0:18:26]} Ne6 {[%clk 0:11:20]}
24. Qf3 {[%clk 0:18:18]} Ba6 {[%clk 0:09:25]} 25. Ba1 {[%clk 0:08:51]} Rb8
{[%clk 0:09:06]} 26. Qe2 {[%clk 0:07:37]} Bb5 {[%clk 0:06:50]} 27. Rbc1
{[%clk 0:05:15]} Qa6 {[%clk 0:06:13]} 28. Nc4 {[%clk 0:05:38]} Bc6
{[%clk 0:06:35]} 29. Nd2 {[%clk 0:03:15]} Bb5 {[%clk 0:06:10]} 30. Nc4
{[%clk 0:03:35]} Bc6 {[%clk 0:06:36]} 31. Nd2 {[%clk 0:04:01]} Bb5
{[%clk 0:05:49]} 32. Nc4 {[%clk 0:04:27]} Bc6 {[%clk 0:06:11]} 33. Nd2
{[%clk 0:04:42]} 1/2-1/2

[Event "Women's World Team Chess Championship"]
[Site "Khanty-Mansiysk, RUS."]
[Date "2017.06.18"]
[Round "2.3"]
[White "Gaponenko Inna (UKR)"]
[Black "Lei Tingjie (CHN)"]
[Result "1-0"]
[BlackElo "2488"]
[WhiteElo "2428"]
[LiveChessVersion "1.4.8"]

1. e4 {[%clk 1:30:57]} c6 {[%clk 1:30:48]} 2. d4 {[%clk 1:31:18]} d5
{[%clk 1:31:10]} 3. Nc3 {[%clk 1:30:51]} dxe4 {[%clk 1:31:34]} 4. Nxe4
{[%clk 1:31:17]} Bf5 {[%clk 1:32:01]} 5. Nc5 {[%clk 1:31:00]} b6 {[%clk 1:28:12]}
6. Nb3 {[%clk 1:30:24]} Nf6 {[%clk 1:27:28]} 7. Nf3 {[%clk 1:30:12]} e6
{[%clk 1:27:05]} 8. g3 {[%clk 1:29:44]} Bd6 {[%clk 1:23:12]} 9. Bg2
{[%clk 1:25:30]} Qc7 {[%clk 1:19:21]} 10. Nbd2 {[%clk 1:08:20]} b5
{[%clk 0:59:33]} 11. a4 {[%clk 0:56:29]} Nbd7 {[%clk 0:58:18]} 12. O-O
{[%clk 0:56:17]} O-O {[%clk 0:54:17]} 13. Re1 {[%clk 0:47:53]} Rac8
{[%clk 0:44:01]} 14. c3 {[%clk 0:44:22]} Rfe8 {[%clk 0:41:39]} 15. Qb3
{[%clk 0:31:32]} a6 {[%clk 0:37:45]} 16. axb5 {[%clk 0:30:43]} axb5
{[%clk 0:38:09]} 17. Nh4 {[%clk 0:29:55]} Bg4 {[%clk 0:31:20]} 18. Ne4
{[%clk 0:27:35]} Nxe4 {[%clk 0:30:37]} 19. Rxe4 {[%clk 0:27:46]} Bh5
{[%clk 0:29:28]} 20. Re1 {[%clk 0:22:33]} Nb6 {[%clk 0:23:52]} 21. Nf3
{[%clk 0:14:50]} Nc4 {[%clk 0:16:27]} 22. Nd2 {[%clk 0:14:15]} Nxd2
{[%clk 0:14:00]} 23. Bxd2 {[%clk 0:14:41]} Ra8 {[%clk 0:13:45]} 24. Rxa8
{[%clk 0:09:55]} Rxa8 {[%clk 0:14:10]} 25. c4 {[%clk 0:10:21]} bxc4 26. Qxc4
{[%clk 0:10:50]} Qb6 {[%clk 0:02:48]} 27. Qxc6 {[%clk 0:04:42]} Qxc6
{[%clk 0:03:10]} 28. Bxc6 {[%clk 0:05:11]} Ra2 {[%clk 0:01:58]} 29. Bc3
{[%clk 0:03:53]} h6 {[%clk 0:02:16]} 30. Kg2 {[%clk 0:03:22]} Bg6
{[%clk 0:00:45]} 31. d5 {[%clk 0:01:15]} exd5 {[%clk 0:00:36]} 32. Bxd5
{[%clk 0:01:31]} Ra4 {[%clk 0:01:00]} 33. h4 {[%clk 0:01:09]} Kh7
{[%clk 0:00:45]} 34. Bf3 {[%clk 0:00:59]} Bb4 {[%clk 0:00:34]} 35. h5
{[%clk 0:01:06]} Bf5 {[%clk 0:00:56]} 36. Be4 {[%clk 0:00:48]} g6
{[%clk 0:00:48]} 37. hxg6+ {[%clk 0:00:44]} fxg6 {[%clk 0:01:04]} 38. Bxf5
{[%clk 0:00:33]} gxf5 {[%clk 0:01:29]} 39. b3 {[%clk 0:00:48]} Ra3
{[%clk 0:01:12]} 40. Bxb4 {[%clk 0:31:14]} Rxb3 {[%clk 0:31:38]} 41. Bd2
{[%clk 0:31:26]} Rb6 {[%clk 0:32:02]} 42. Re7+ {[%clk 0:29:32]} Kg6
{[%clk 0:31:34]} 43. Bc3 {[%clk 0:28:48]} Rc6 {[%clk 0:31:46]} 44. Be5
{[%clk 0:24:19]} Kh5 {[%clk 0:30:59]} 45. Kh3 {[%clk 0:22:28]} Rc5
{[%clk 0:29:42]} 46. f3 {[%clk 0:21:48]} Rc6 {[%clk 0:28:08]} 47. g4+
{[%clk 0:20:18]} fxg4+ {[%clk 0:28:32]} 48. fxg4+ {[%clk 0:20:47]} Kg5
{[%clk 0:28:58]} 49. Rg7+ {[%clk 0:21:13]} Rg6 {[%clk 0:29:24]} 50. Rxg6+
{[%clk 0:21:28]} Kxg6 {[%clk 0:29:49]} 51. Kh4 {[%clk 0:21:56]} 1-0

[Event "Women's World Team Chess Championship"]
[Site "Khanty-Mansiysk, RUS."]
[Date "2017.06.18"]
[Round "2.6"]
[White "Lagno Kateryna (RUS)"]
[Black "Vo Thi Kim Phung (VIE)"]
[Result "1/2-1/2"]
[BlackElo "2378"]
[WhiteElo "2539"]
[LiveChessVersion "1.4.8"]

1. e4 {[%clk 1:30:57]} e6 {[%clk 1:30:46]} 2. d4 {[%clk 1:31:08]} d5
{[%clk 1:31:03]} 3. Nd2 {[%clk 1:31:21]} Nf6 {[%clk 1:31:03]} 4. e5
{[%clk 1:31:33]} Nfd7 {[%clk 1:31:17]} 5. Bd3 {[%clk 1:31:48]} c5
{[%clk 1:31:19]} 6. c3 {[%clk 1:32:13]} Nc6 {[%clk 1:31:27]} 7. Ngf3
{[%clk 1:32:19]} Qb6 {[%clk 1:30:33]} 8. O-O {[%clk 1:32:22]} cxd4
{[%clk 1:20:01]} 9. cxd4 {[%clk 1:32:46]} Nxd4 {[%clk 1:19:11]} 10. Nxd4
{[%clk 1:33:05]} Qxd4 {[%clk 1:19:33]} 11. Nf3 {[%clk 1:33:32]} Qb6
{[%clk 1:19:24]} 12. a3 {[%clk 1:33:41]} Be7 {[%clk 1:14:23]} 13. Be3
{[%clk 1:32:12]} Bc5 {[%clk 1:11:01]} 14. Bd2 {[%clk 1:31:48]} f5
{[%clk 0:56:59]} 15. exf6 {[%clk 1:29:18]} Nxf6 {[%clk 0:56:53]} 16. b4
{[%clk 1:20:24]} Bd6 {[%clk 0:55:37]} 17. Bc3 {[%clk 1:12:09]} O-O
{[%clk 0:50:59]} 18. Bd4 {[%clk 1:08:52]} Qd8 {[%clk 0:50:44]} 19. Re1
{[%clk 1:04:41]} a5 {[%clk 0:42:01]} 20. b5 {[%clk 1:01:27]} Qe7 {[%clk 0:38:47]}
21. Qc2 {[%clk 0:36:30]} Bd7 {[%clk 0:33:07]} 22. Ne5 {[%clk 0:33:43]} a4
{[%clk 0:25:29]} 23. Re3 {[%clk 0:27:11]} Rfc8 {[%clk 0:24:34]} 24. Qe2
{[%clk 0:18:01]} Be8 {[%clk 0:17:41]} 25. Nf3 {[%clk 0:18:06]} Bf7
{[%clk 0:16:15]} 26. Bf5 {[%clk 0:12:13]} Bf4 {[%clk 0:10:56]} 27. Rxe6
{[%clk 0:12:12]} Bxe6 {[%clk 0:11:19]} 28. Qxe6+ {[%clk 0:12:37]} Qxe6
{[%clk 0:10:56]} 29. Bxe6+ {[%clk 0:13:02]} Kf8 {[%clk 0:10:53]} 30. Bxc8
{[%clk 0:13:26]} Rxc8 {[%clk 0:11:19]} 31. Kf1 {[%clk 0:11:31]} Ne4
{[%clk 0:09:46]} 32. Ke2 {[%clk 0:05:26]} Rc1 {[%clk 0:05:07]} 33. g3
{[%clk 0:04:02]} Rxa1 {[%clk 0:04:33]} 34. Bxa1 {[%clk 0:04:29]} Bc1
{[%clk 0:04:45]} 35. Nd4 {[%clk 0:04:10]} Bxa3 {[%clk 0:04:38]} 36. Ne6+
{[%clk 0:03:54]} Ke7 {[%clk 0:04:54]} 37. Nxg7 {[%clk 0:03:10]} Nd6
{[%clk 0:04:29]} 38. f4 {[%clk 0:01:21]} Nxb5 {[%clk 0:04:21]} 39. Nf5+
{[%clk 0:01:19]} Ke6 {[%clk 0:03:52]} 40. g4 {[%clk 0:30:53]} Bc1
{[%clk 0:33:16]} 41. Ne3 {[%clk 0:30:53]} d4 {[%clk 0:24:25]} 42. f5+
{[%clk 0:30:23]} Ke5 {[%clk 0:22:46]} 43. Nc4+ {[%clk 0:27:05]} Ke4
{[%clk 0:22:41]} 44. f6 {[%clk 0:21:13]} Bg5 {[%clk 0:22:40]} 45. f7
{[%clk 0:20:38]} Be7 {[%clk 0:22:32]} 46. Nd2+ {[%clk 0:15:32]} Kd5
{[%clk 0:21:40]} 47. Kd3 {[%clk 0:11:56]} Nd6 {[%clk 0:20:08]} 48. Bxd4
{[%clk 0:12:02]} Nxf7 {[%clk 0:20:27]} 49. Nc4 {[%clk 0:11:17]} b5
{[%clk 0:20:30]} 50. Ne3+ {[%clk 0:11:33]} Ke6 {[%clk 0:19:55]} 51. Nf5
{[%clk 0:09:13]} Bf6 {[%clk 0:14:53]} 52. Kc3 {[%clk 0:04:15]} Nd6
{[%clk 0:12:44]} 53. Bxf6 {[%clk 0:04:20]} Nxf5 {[%clk 0:13:02]} 54. Bg5
{[%clk 0:04:24]} Nd6 {[%clk 0:12:56]} 55. Kb4 {[%clk 0:04:51]} Kd5
{[%clk 0:12:00]} 56. Bc1 {[%clk 0:04:59]} Nc4 {[%clk 0:11:33]} 57. g5
{[%clk 0:02:34]} Ne5 {[%clk 0:05:07]} 58. Kxb5 {[%clk 0:02:45]} Nf3
{[%clk 0:04:00]} 59. Kxa4 {[%clk 0:03:06]} Nxh2 {[%clk 0:04:21]} 60. Kb3
{[%clk 0:03:31]} Ke4 {[%clk 0:03:30]} 61. Kc2 {[%clk 0:03:53]} Kf3
{[%clk 0:01:25]} 62. Kd3 {[%clk 0:04:18]} Kg4 {[%clk 0:01:13]} 63. Ke2
{[%clk 0:04:42]} Nf3 {[%clk 0:01:07]} 64. Kf2 {[%clk 0:05:04]} Nxg5
{[%clk 0:01:04]} 65. Bxg5 {[%clk 0:05:30]} 1/2-1/2